| 000 | 00376nam a2200157Ia 4500 | ||
|---|---|---|---|
| 999 |
_c2676 _d2676 |
||
| 003 | OSt | ||
| 005 | 20190914131824.0 | ||
| 008 | 190902s9999||||xx |||||||||||||| ||und|| | ||
| 020 | _a978-0132834872 | ||
| 040 | _cmaju | ||
| 100 | _aStephen P. Robbins | ||
| 245 | 0 | _aEssentials Of Organizational Behavior | |
| 260 |
_aIndia _bS. Chand _c2005 |
||
| 300 | _a330 | ||
| 942 |
_cBK _2ddc |
||